Score 0/22 Timer 02:00
0 Plays Today
Movie Title Missing Word % Correct
____ PieAmerican
96.2%
Ferris Bueller's Day ____Off
95.8%
Bring it ____On
94.7%
Back to the ____Future
91.7%
____ in PinkPretty
90.5%
____ Poets SocietyDead
90%
____ Night LightsFriday
89.2%
Boyz N the ____Hood
87.6%
____ and ConfusedDazed
87.5%
Rebel ____ a CauseWithout
87.3%
____ CandlesSixteen
86.9%
Movie Title Missing Word % Correct
The ____ ClubBreakfast
80.8%
Can't Hardly ____Wait
78.2%
____ DynamiteNapoleon
77.5%
____ Times at Ridgemont HighFast
76.3%
The ____ KidKarate
75.8%
____ BusinessRisky
74.2%
____ GirlsMean
72.4%
Donnie ____Darko
71.4%
Just One of the ____Guys
56.2%
Peggy Sue Got ____Married
53.7%
Say ____...Anything
48.5%

Today's Daily Dose

Missing Word
I Hardly Know Her!

Word Ladder
Sentence Ending

Quick Pick
Female Firsts

Get the Picture
Triathlon Sports

Remove Ads.
Support Sporcle.
Get the best of Sporcle when you Go Orange. This ad-free experience offers more features, more stats, and more fun while also helping to support Sporcle. Thank you for becoming a member.

You're not logged in!

Compare scores with friends on all Sporcle quizzes.
OR
Log In

Show Comments

Extras

Top Quizzes Today


Score Distribution

Your Account Isn't Verified!

In order to create a playlist on Sporcle, you need to verify the email address you used during registration. Go to your Sporcle Settings to finish the process.

Report this User

Report this user for behavior that violates our Community Guidelines.

Details: